The Mystery Mountains (Record no. 12119)

MARC details
000 -LEADER
fixed length control field 00255nam a22000977a 4500
008 - FIXED-LENGTH DATA ELEMENTS--GENERAL INFORMATION
fixed length control field 221103b |||||||| |||| 00| 0 eng d
020 ## - INTERNATIONAL STANDARD BOOK NUMBER
International Standard Book Number 978886292244
100 ## - MAIN ENTRY--PERSONAL NAME
Personal name Ganguli Aurijit
9 (RLIN) 7610
245 ## - TITLE STATEMENT
Title The Mystery Mountains
260 ## - PUBLICATION, DISTRIBUTION, ETC. (IMPRINT)
Place of publication, distribution, etc. India
Name of publisher, distributor, etc. Notion Press
Date of publication, distribution, etc. 2022
Holdings
Withdrawn status Lost status Source of classification or shelving scheme Damaged status Koha normalized classification for sorting Not for loan Home library Current library Shelving location Date acquired Total Checkouts Full call number Barcode Checked out Date last seen Date last checked out Price effective from Koha item type
    Dewey Decimal Classification   GAN_823_000000000000000   Good Samaritan School Library Good Samaritan School Library FICTION 11/03/2022 1 GAN823 GAN17364 02/03/2024 01/20/2024 01/20/2024 11/03/2022 BOOK

Powered by Koha